Mondes virtuels de fiction - Statistiques

Statistiques générales
  • Ce quiz a été pris 21 fois
    3 depuis la dernière actualisation
  • Le résultat moyen est 6 sur 11
Statistiques - réponses
Monde virtuel Univers % Correct
Greed Island Hunter X Hunter
100%
Yo Kai World Yo Kai Watch
100%
Lyoko Code Lyoko
67%
Digimonde Digimon
67%
Sugar Rush Les Mondes de Ralph
67%
(La) Matrice Matrix
67%
Système de Perfectionnement Virtuel (SPV) Pokémon
67%
Alfheim Online Sword Art Online
67%
(L')Oasis Ready Player One
33%
Brain Burst Accel World
0%
Anima Assassin's Creed
0%
Aucun quiz correspondant
Distribution des résultats
% des personnes avec chaque résultat
Percentile par nombre de réponses
Votre historique - résultats
Vous n’avez pas pris ce quiz depuis la dernière actualisation